Представление документа в формате MARC21

Поле Инд. ПП Название Значение
Тип записи a
Библиографический уровень m
001 Контрольный номер RU/IS/BASE/286030675
005 Дата корректировки 20260605113042.8
020 a ISBN 978-5-394-02989-9
040 b Код языка каталог. rus
e Правила каталог. PSBO
041 0_ a Код языка текста rus
097 b Оператор *СИ*
b Оператор *Ольга*
100 1_ a Автор Пучкова Ю.С.
245 10 a Заглавие Товароведение и экспертиза продовольственных товаров. Формы и методы активного обучения
b Продолж. заглавия учеб. пособие
b Продолж. заглавия в составе учебно-методического комплекса
250 a Основные сведения об издании 3-е изд.
260 a Место издания Москва
b Издательство Дашков и К
c Дата издания 2018
440 _0 a Серия УМК-У
516 8_ a Прим. о типе комп. файла/ данных Текст : электронный
a Прим. о типе комп. файла/ данных Режим доступа: по подписке
a Прим. о типе комп. файла/ данных Дата обращения: 18.08.2022
520 0_ a Аннотация Учебно-практическое пособие посвящено актуальной проблеме - использованию форм и методов активного обучения в подготовке специалистов. Систематизированы и обобщены основные теоретические положения активного обучения, необходимые для практического применения в учебном процессе. Подробно изложены подготовка и методика проведения деловой игры, семинара-исследования, предметной олимпиады. Содержит богатый практический материал: более 300 вопросов по разделам товароведения, программированные задания, конкурсные задания и кроссворды, тесты и задачи для контроля знаний и умений студентов. Для преподавателей, аспирантов, соискателей, слушателей педагогического факультета и студентов образовательных учреждений высшего и среднего профессионального образования.
535 1_ a Хранилище ЭБС Лань
583 a Действие Приписка : УМК
653 0_ a Ключевые слова Продовольственные товары
a Ключевые слова Товароведение
655 a Жанр/ форма (устаревшее) У
700 12 a Другие авторы Гурьянова С.С.
773 18 w Контрольный № источника 130428
w Контрольный № источника 30089670bb88478cbd9ada0122378322
856 40 u URL https://e.lanbook.com/book/103771
901 t Тип документа m
905 a Дата создания записи 07.05.18
c Дата приписки 11.10.23
c Дата приписки 05.06.26
940 a ФУСК
c ТД
d Экспертиза товаров
952 b Гриф литературы для ВШ Гриф
a Тип литературы для КСУ ВШ У2
990 j Количество экземпляров (DOS) 1
a Автор заказа (DOS) МЕН
c Приоритет заказа (DOS) д
g Размещение заказа (DOS) ЭБС "Лань"
b Заказано (DOS) 2